[Event "GRE-chT 49th"]
[Site "Thessaloniki"]
[Date "2022.08.15"]
[Round "5"]
[White "Vlassis, Georgios"]
[Black "Theodoulidis, Theodoros"]
[Result "1/2-1/2"]
[WhiteElo "1974"]
[BlackElo "1954"]
[PlyCount "118"]
[EventDate "2022.08.12"]
[EventType "team-swiss"]
[EventRounds "7"]
[EventCountry "GRE"]
[SourceTitle "EXT 2024"]
[Source "ChessBase"]
[SourceDate "2023.10.10"]
[SourceVersion "1"]
[SourceVersionDate "2023.10.10"]
[SourceQuality "1"]
[WhiteTeam "Thessaloniki Sach"]
[BlackTeam "Kozanis Aetoi"]
[WhiteTeamCountry "GRE"]
[BlackTeamCountry "GRE"]

1. e4 c6 2. d4 d5 3. Nc3 dxe4 4. Nxe4 Nf6 5. Nxf6+ exf6 6. Bc4 Qe7+ 7. Qe2 Be6 8. Bxe6 Qxe6 9. Bd2 Na6 10. 0-0-0 0-0-0 11. Qxe6+ fxe6 12. Nf3 Bd6 13. c4 c5 14. Bc3 Rhe8 15. Kc2 cxd4 16. Nxd4 Bc5 17. f4 Bxd4 18. Rxd4 Nb4+ 19. Kb3 Nd3 20. g3 b6 21. Rd1 Nf2 22. R1d2 Rxd4 23. Rxd4 e5 24. fxe5 fxe5 25. Rd2 Ne4 26. Rd5 Nc5+ 27. Kc2 Nd7 28. b4 g6 29. h3 a6 30. a4 Kc7 31. a5 bxa5 32. Rxa5 Kb7 33. Kd3 e4+ 34. Ke3 Nb6 35. Rc5 Na4 36. Re5 Rxe5 37. Bxe5 Nb6 38. Kxe4 Nxc4 39. Bd4 Kc6 40. Bg7 Kd6 41. Bf8+ Ke6 42. Kd4 Nb6 43. Bh6 Kd6 44. g4 Nd7 45. Bd2 Kc6 46. Ke4 Kd6 47. Bf4+ Kc6 48. Bg3 Kb5 49. Be1 Kc6 50. Kf4 h6 51. Ke4 Kd6 52. Bd2 Nf6+ 53. Kd4 g5 54. Kd3 Nd5 55. Ke4 Ke6 56. Be1 Nf4 57. h4 Ng2 58. hxg5 Nxe1 59. gxh6 Kf6 1/2-1/2

[Event "GRE-chT 49th"]
[Site "Thessaloniki"]
[Date "2022.08.14"]
[Round "4.10"]
[White "Theodoulidis, Theodoros"]
[Black "Karousos Theodorakis, Nikolaos"]
[Result "0-1"]
[WhiteElo "1954"]
[BlackElo "2258"]
[PlyCount "144"]
[EventDate "2022.08.12"]
[EventType "team-swiss"]
[EventRounds "7"]
[EventCountry "GRE"]
[SourceTitle "CBM 209 Extra"]
[Source "ChessBase"]
[SourceDate "2022.09.30"]
[SourceVersion "1"]
[SourceVersionDate "2022.09.30"]
[SourceQuality "1"]
[WhiteTeam "Kozanis Aetoi"]
[BlackTeam "Erakleioe Attikes"]
[WhiteTeamCountry "GRE"]
[BlackTeamCountry "GRE"]

1. e4 c5 2. Nc3 Nc6 3. Bb5 Nd4 4. Bc4 e6 5. Nge2 Nf6 6. 0-0 a6 7. d3 b5 8. Bb3 Nxb3 9. axb3 Bb7 10. f4 d5 11. e5 d4 12. exf6 dxc3 13. f5 Qd5 14. Rf2 0-0-0 15. Nxc3 Qd7 16. Bg5 exf5 17. fxg7 Bxg7 18. Bxd8 Rxd8 19. Qh5 Bd4 20. Raf1 Rg8 21. Kh1 Bxf2 22. Rxf2 Qe6 23. Qe2 Qg6 24. Qf1 h5 25. Ne2 h4 26. Nf4 Qh6 27. c4 h3 28. Nd5 Bxd5 29. cxd5 Qd6 30. g3 Qxd5+ 31. Kg1 Re8 32. Qxh3 Re1+ 33. Rf1 Qd4+ 34. Kh1 Qd5+ 35. Kg1 Qd4+ 36. Kh1 Qf2 37. Qh8+ Kb7 38. Rxe1 Qxe1+ 39. Kg2 Qe2+ 40. Kh3 Qg4+ 41. Kg2 Qe2+ 42. Kh3 Qxd3 43. Qe8 Qd5 44. Qe7+ Kb6 45. Qe3 Ka5 46. b4+ cxb4 47. b3 Qc6 48. Qd4 Qe6 49. Qd8+ Qb6 50. Qh8 Qd6 51. Qg7 Qd5 52. Qa1+ Kb6 53. Qg1+ Kb7 54. Qe3 a5 55. Qe7+ Kb6 56. Qf8 Kb7 57. Qe7+ Kc6 58. Qe8+ Qd7 59. Qa8+ Kc5 60. Qxa5 f4+ 61. g4 Qd3+ 62. Kh4 f3 63. Qc7+ Kd4 64. Qxf7 Ke3 65. Qe6+ Qe4 66. Qb6+ Ke2 67. Qxb5+ Ke1 68. Qc5 f2 69. Qc1+ Ke2 70. Qb2+ Kf3 71. Qf6+ Kg2 72. Qb2 Kg1 0-1

[Event "GRE-chT 49th"]
[Site "Thessaloniki"]
[Date "2022.08.13"]
[Round "2.9"]
[White "Hrisomalis, Theodoros"]
[Black "Theodoulidis, Theodoros"]
[Result "1-0"]
[WhiteElo "2147"]
[BlackElo "1954"]
[PlyCount "77"]
[EventDate "2022.08.12"]
[EventType "team-swiss"]
[EventRounds "7"]
[EventCountry "GRE"]
[SourceTitle "CBM 209 Extra"]
[Source "ChessBase"]
[SourceDate "2022.09.30"]
[SourceVersion "1"]
[SourceVersionDate "2022.09.30"]
[SourceQuality "1"]
[WhiteTeam "Pneemathlon"]
[BlackTeam "Kozanis Aetoi"]
[WhiteTeamCountry "GRE"]
[BlackTeamCountry "GRE"]

1. e4 c6 2. d3 d5 3. Nd2 e5 4. Ngf3 Bd6 5. g3 Nf6 6. Bg2 0-0 7. 0-0 Nbd7 8. Re1 Re8 9. c3 Qc7 10. Qc2 a5 11. a4 Nc5 12. exd5 Bf5 13. Ne4 cxd5 14. Nxf6+ gxf6 15. Nh4 Bxd3 16. Qd1 Be4 17. Bxe4 dxe4 18. Bh6 Kh8 19. Nf5 Bf8 20. Qh5 Re6 21. b4 axb4 22. cxb4 Nd3 23. Rxe4 Qc2 24. Re2 Qc7 25. Bxf8 Rxf8 26. Re4 Rc6 27. Qh6 Rg8 28. b5 Rc1+ 29. Rxc1 Qxc1+ 30. Qxc1 Nxc1 31. Rc4 Nb3 32. Rc7 Na5 33. Rxf7 Rd8 34. h4 Kg8 35. Nh6+ Kh8 36. h5 Rd4 37. Nf5 Kg8 38. Rxf6 Rxa4 39. h6 1-0

[Event "GRE-chT 49th"]
[Site "Thessaloniki"]
[Date "2022.08.13"]
[Round "3"]
[White "Theodoulidis, Theodoros"]
[Black "Mihalopoulos, Apostolos"]
[Result "1/2-1/2"]
[WhiteElo "1954"]
[BlackElo "1669"]
[PlyCount "88"]
[EventDate "2022.08.12"]
[EventType "team-swiss"]
[EventRounds "7"]
[EventCountry "GRE"]
[SourceTitle "EXT 2024"]
[Source "ChessBase"]
[SourceDate "2023.10.10"]
[SourceVersion "1"]
[SourceVersionDate "2023.10.10"]
[SourceQuality "1"]
[WhiteTeam "Kozanis Aetoi"]
[BlackTeam "Thessaloniki Chan"]
[WhiteTeamCountry "GRE"]
[BlackTeamCountry "GRE"]

1. e4 d6 2. d4 Nf6 3. Nc3 g6 4. Nf3 Bg7 5. h3 0-0 6. Be3 c6 7. Bd3 Nbd7 8. 0-0 e5 9. dxe5 Nxe5 10. Nxe5 dxe5 11. Qf3 Nh5 12. Rad1 Qf6 13. Qxf6 Bxf6 14. Ne2 g5 15. Bc4 Nf4 16. Nxf4 gxf4 17. Bc5 Re8 18. f3 b6 19. Bf2 Be6 20. Bxe6 Rxe6 21. Rd7 Re7 22. Rd6 Re6 23. Rfd1 Rae8 24. Kf1 Kf8 25. a4 Rxd6 26. Rxd6 Re6 27. Rxe6 fxe6 28. a5 c5 29. b4 Be7 30. a6 Ke8 31. b5 Kd7 32. Ke2 h5 33. g3 Bd6 34. gxf4 exf4 35. Kd3 e5 36. Kc4 Ke6 37. Bh4 Bc7 38. Bg5 Bb8 39. Bd8 Kd6 40. Bg5 Ke6 41. Bh6 Bd6 42. c3 Be7 43. Bg7 Kd6 44. Bh6 Ke6 1/2-1/2

[Event "GRE-ch Univ Members online 1st"]
[Site "Tornelo INT"]
[Date "2022.05.28"]
[Round "6"]
[White "Theodoulidis, Theodoros"]
[Black "Moscholios, Ioannis"]
[Result "1-0"]
[WhiteElo "1977"]
[BlackElo "2161"]
[PlyCount "91"]
[EventDate "2022.05.28"]
[EventType "swiss (rapid)"]
[EventRounds "9"]
[EventCountry "GRE"]
[SourceTitle "EXT 2024"]
[Source "ChessBase"]
[SourceDate "2023.10.10"]
[SourceVersion "1"]
[SourceVersionDate "2023.10.10"]
[SourceQuality "1"]

1. e4 c5 2. Nc3 a6 3. f4 Nc6 4. Nf3 b5 5. d4 cxd4 6. Nxd4 Bb7 7. Be3 e6 8. Be2 Rc8 9. Bf3 d6 10. 0-0 Be7 11. a3 Qd7 12. Qe2 Na5 13. Rad1 Nc4 14. Bc1 Nxa3 15. bxa3 Rxc3 16. Bb2 Rc4 17. Nb3 f6 18. Na5 Rc7 19. Nxb7 Rxb7 20. e5 d5 21. exf6 Nxf6 22. Bxf6 gxf6 23. f5 0-0 24. fxe6 Qd6 25. Rxd5 Qxa3 26. Be4 Bc5+ 27. Kh1 Rg7 28. Rd7 Be7 29. Rfd1 Qc5 30. Qd3 Qh5 31. Qf3 Qc5 32. R7d5 Qb4 33. Rh5 f5 34. Bd5 Qg4 35. Qxg4 fxg4 36. Re5 Rf2 37. Be4 Rf4 38. Bd3 Rf8 39. Rd5 h6 40. Rd7 h5 41. Ra7 Rf6 42. Rxa6 h4 43. Ra8+ Bf8 44. Bxb5 Rxe6 45. Bc4 Rge7 46. Re1 1-0

[Event "Thessaloniki White Tower op 41st"]
[Site "Thessaloniki"]
[Date "2019.01.05"]
[Round "3"]
[White "Theodoulidis, Theodoros"]
[Black "Koutlas, Nikolaos"]
[Result "1/2-1/2"]
[WhiteElo "1974"]
[BlackElo "1817"]
[PlyCount "68"]
[EventDate "2019.01.02"]
[EventType "swiss"]
[EventRounds "6"]
[EventCountry "GRE"]
[SourceTitle "EXT 2021"]
[Source "ChessBase"]
[SourceDate "2020.10.23"]
[SourceVersion "1"]
[SourceVersionDate "2020.10.23"]
[SourceQuality "1"]

1. e4 e5 2. Nf3 Nc6 3. d4 exd4 4. Nxd4 Bc5 5. Nxc6 bxc6 6. Bd3 Qh4 7. Qf3 Nf6 8. Be3 Bxe3 9. Qxe3 0-0 10. Nd2 Re8 11. 0-0 d6 12. Rae1 Nd5 13. Qg3 Qxg3 14. hxg3 Nb4 15. Re3 d5 16. a3 Nxd3 17. cxd3 d4 18. Rf3 Rb8 19. b4 c5 20. bxc5 Rb2 21. Nc4 Rc2 22. Rb1 Bg4 23. Rf4 Be2 24. Rb3 Rc3 25. Rb4 Rxd3 26. Nb2 Rd2 27. Rf5 c6 28. f3 Rd8 29. Re5 d3 30. Re7 Rxb2 31. Rxb2 Kf8 32. Rbb7 d2 33. Rxf7+ Kg8 34. Rxg7+ Kf8 1/2-1/2

[Event "Paleochora op 11th"]
[Site "Paleochora"]
[Date "2018.07.20"]
[Round "4"]
[White "Tsolakidou, Stavroula"]
[Black "Theodoulidis, Theodoros"]
[Result "1-0"]
[WhiteElo "2423"]
[BlackElo "2059"]
[PlyCount "77"]
[EventDate "2018.07.18"]
[EventType "swiss"]
[EventRounds "9"]
[EventCountry "GRE"]
[SourceTitle "CBM 186 Extra"]
[Source "ChessBase"]
[SourceDate "2018.08.24"]
[SourceVersion "1"]
[SourceVersionDate "2018.08.24"]
[SourceQuality "1"]

1. Nf3 d6 2. c4 e5 3. d4 e4 4. Ng5 f5 5. Nh3 Nf6 6. Nc3 Be7 7. g3 c6 8. d5 0-0 9. Bg2 Na6 10. 0-0 Nc7 11. f3 cxd5 12. cxd5 b5 13. a3 a5 14. Qd4 exf3 15. exf3 Nd7 16. Nf4 Nc5 17. Qd1 Bf6 18. Be3 b4 19. axb4 axb4 20. Rxa8 Nxa8 21. Na4 Qe8 22. Bxc5 dxc5 23. Re1 Bd4+ 24. Kh1 Qb5 25. Bf1 Qa5 26. Ne6 Bxe6 27. dxe6 Re8 28. Qc2 b3 29. Qxf5 Bf6 30. Re4 Qd2 31. Bc4 Nc7 32. Qxc5 Re7 33. Re2 Qd1+ 34. Kg2 Ne8 35. Qg1 Qd6 36. Bxb3 Qb4 37. Qe3 Bd4 38. Qd3 g6 39. Re4 1-0

[Event "Kavala op 26th"]
[Site "Kavala"]
[Date "2017.07.28"]
[Round "1"]
[White "Costachi, Mihnea"]
[Black "Theodoulidis, Theodoros"]
[Result "1-0"]
[WhiteElo "2427"]
[BlackElo "2075"]
[PlyCount "35"]
[EventDate "2017.07.28"]
[EventType "swiss"]
[EventRounds "9"]
[EventCountry "GRE"]
[SourceTitle "CBM 179 Extra"]
[Source "ChessBase"]
[SourceDate "2017.08.23"]
[SourceVersion "1"]
[SourceVersionDate "2017.08.23"]
[SourceQuality "1"]

1. d4 Nf6 2. c4 e6 3. Nf3 c5 4. d5 b5 5. e4 Nxe4 6. Bd3 Nf6 7. 0-0 Be7 8. Nc3 b4 9. Ne4 Nxe4 10. Bxe4 Bb7 11. Re1 Qb6 12. Ne5 Bf6 13. Qf3 Bxe5 14. dxe6 0-0 15. e7 Nc6 16. Qh3 h6 17. exf8Q+ Rxf8 18. Bxc6 1-0

[Event "Heraklion op 19th"]
[Site "Heraklion"]
[Date "2017.01.07"]
[Round "7"]
[White "Antic, Dejan"]
[Black "Theodoulidis, Theodoros"]
[Result "1-0"]
[WhiteElo "2459"]
[BlackElo "2063"]
[PlyCount "71"]
[EventDate "2017.01.02"]
[EventType "swiss"]
[EventRounds "9"]
[EventCountry "GRE"]
[SourceTitle "CBM 176 Extra"]
[Source "ChessBase"]
[SourceDate "2017.03.02"]
[SourceVersion "1"]
[SourceVersionDate "2017.03.02"]
[SourceQuality "1"]

1. d4 Nf6 2. c4 e6 3. Nf3 b6 4. g3 Bb7 5. Bg2 Be7 6. 0-0 0-0 7. Re1 d5 8. cxd5 exd5 9. Nc3 Nbd7 10. Bf4 a6 11. Rc1 Bd6 12. Bxd6 cxd6 13. Qb3 b5 14. a4 Rb8 15. axb5 axb5 16. Nd2 Nb6 17. Qxb5 Ba8 18. Qa6 Qd7 19. b3 Rfc8 20. Qa5 Bc6 21. Qa6 Na8 22. h3 Rb6 23. Qd3 Bb7 24. Ra1 Qc6 25. Rec1 Ra6 26. Rab1 Nb6 27. Kh2 Qd7 28. Qb5 Qe7 29. Na4 Nxa4 30. bxa4 Rxc1 31. Rxc1 h6 32. Nb3 Ra7 33. Na5 Kh7 34. e3 Ba6 35. Qb1+ g6 36. Nc6 1-0

[Event "Heraklion op 19th"]
[Site "Heraklion"]
[Date "2017.01.04"]
[Round "4"]
[White "Moshovakis, Aggelos"]
[Black "Theodoulidis, Theodoros"]
[Result "1/2-1/2"]
[WhiteElo "2050"]
[BlackElo "2063"]
[PlyCount "115"]
[EventDate "2017.01.02"]
[EventType "swiss"]
[EventRounds "9"]
[EventCountry "GRE"]
[SourceTitle "CBM 176 Extra"]
[Source "ChessBase"]
[SourceDate "2017.03.02"]
[SourceVersion "1"]
[SourceVersionDate "2017.03.02"]
[SourceQuality "1"]

1. e4 c6 2. d4 d5 3. Nc3 dxe4 4. Nxe4 Nf6 5. Nxf6+ exf6 6. c3 Bd6 7. Bd3 0-0 8. Ne2 Re8 9. 0-0 Qc7 10. Ng3 Be6 11. f4 Nd7 12. c4 Nf8 13. Qf3 Rad8 14. b3 Qa5 15. Bb2 Ba3 16. Bc3 Bb4 17. Bxb4 Qxb4 18. Rad1 b5 19. Qxc6 Bg4 20. Rc1 Qd2 21. Bb1 Qxd4+ 22. Kh1 bxc4 23. Qxc4 Qxc4 24. Rxc4 Be2 25. Nxe2 Rxe2 26. a4 g6 27. Be4 Ne6 28. Bf3 Rb2 29. b4 Rd4 30. Rxd4 Nxd4 31. b5 Nxf3 32. gxf3 Ra2 33. Rc1 Rxa4 34. Rc7 a5 35. bxa6 Rxa6 36. Kg2 Ra2+ 37. Kg3 Kg7 38. Rb7 Re2 39. Ra7 Rd2 40. Rb7 Rc2 41. Ra7 g5 42. fxg5 fxg5 43. h4 gxh4+ 44. Kxh4 Rg2 45. Rb7 Kg6 46. Rb5 f6 47. Rb8 Kf5 48. Rb4 Rg1 49. Ra4 Rd1 50. Kg3 Ke5 51. Re4+ Kf5 52. Rf4+ Kg6 53. Rg4+ Kf7 54. Rh4 Rg1+ 55. Kh2 Rg7 56. Kh3 f5 57. Rh6 f4 58. Kh4 1/2-1/2

[Event "Heraklion op 19th"]
[Site "Heraklion"]
[Date "2017.01.03"]
[Round "2"]
[White "Theodoulidis, Theodoros"]
[Black "Koutsourakis, Ioannis"]
[Result "1-0"]
[WhiteElo "2063"]
[BlackElo "1528"]
[PlyCount "67"]
[EventDate "2017.01.02"]
[EventType "swiss"]
[EventRounds "9"]
[EventCountry "GRE"]
[SourceTitle "CBM 176 Extra"]
[Source "ChessBase"]
[SourceDate "2017.03.02"]
[SourceVersion "1"]
[SourceVersionDate "2017.03.02"]
[SourceQuality "1"]

1. e4 e5 2. Nf3 Nc6 3. c3 Nf6 4. d4 exd4 5. e5 Ng8 6. cxd4 d5 7. Nc3 Bb4 8. Be2 Nge7 9. 0-0 0-0 10. Bg5 h6 11. Bh4 Be6 12. a3 Bxc3 13. bxc3 Qd7 14. Rb1 Rab8 15. Bb5 Nf5 16. Bg3 a6 17. Bd3 Nce7 18. Qc2 Rfc8 19. Rfc1 Nxg3 20. hxg3 Bf5 21. Bxf5 Nxf5 22. c4 Ne7 23. c5 Nc6 24. Re1 b6 25. Qd3 b5 26. Nh4 Ne7 27. f4 Re8 28. f5 Nc6 29. Rf1 Rbd8 30. f6 Re6 31. Nf5 g6 32. Nxh6+ Kh7 33. Kf2 Rde8 34. Rh1 1-0

[Event "Heraklion op 19th"]
[Site "Heraklion"]
[Date "2017.01.02"]
[Round "1"]
[White "Papidakis, Georgios"]
[Black "Theodoulidis, Theodoros"]
[Result "1/2-1/2"]
[WhiteElo "1503"]
[BlackElo "2063"]
[PlyCount "73"]
[EventDate "2017.01.02"]
[EventType "swiss"]
[EventRounds "9"]
[EventCountry "GRE"]
[SourceTitle "CBM 176 Extra"]
[Source "ChessBase"]
[SourceDate "2017.03.02"]
[SourceVersion "1"]
[SourceVersionDate "2017.03.02"]
[SourceQuality "1"]

1. d4 Nf6 2. Nf3 c5 3. e3 e6 4. b3 b6 5. Bb2 Be7 6. Nbd2 Bb7 7. Bd3 Nc6 8. a3 d6 9. 0-0 0-0 10. e4 cxd4 11. Nxd4 Nxd4 12. Bxd4 Nd7 13. Re1 Bf6 14. Bxf6 Nxf6 15. Nf3 Qc7 16. Qe2 Rad8 17. Nd4 Qc5 18. Nf3 Nd7 19. b4 Qc3 20. Qd2 Rc8 21. a4 Ne5 22. Qxc3 Nxf3+ 23. gxf3 Rxc3 24. a5 d5 25. axb6 axb6 26. Ra7 Rb8 27. Rea1 g5 28. R1a3 Rxa3 29. Rxa3 Ra8 30. Rxa8+ Bxa8 31. Kg2 h5 32. Kg3 Kg7 33. e5 f5 34. f4 g4 35. f3 Bc6 36. fxg4 hxg4 37. c3 1/2-1/2

[Event "Thessaloniki Triandria-A 9th"]
[Site "Thessaloniki"]
[Date "2016.05.05"]
[Round "2"]
[White "Lazov, Toni"]
[Black "Theodoulidis, Theodoros"]
[Result "1-0"]
[WhiteElo "2325"]
[BlackElo "2087"]
[PlyCount "85"]
[EventDate "2016.05.03"]
[EventType "swiss"]
[EventRounds "7"]
[EventCountry "GRE"]
[SourceTitle "EXT 2024"]
[Source "ChessBase"]
[SourceDate "2023.10.10"]
[SourceVersion "1"]
[SourceVersionDate "2023.10.10"]
[SourceQuality "1"]

1. e4 c5 2. Nf3 e6 3. d4 cxd4 4. Nxd4 Nf6 5. Bd3 Nc6 6. Nxc6 dxc6 7. 0-0 e5 8. Nd2 Qc7 9. Nc4 Be6 10. Qe1 Be7 11. Qc3 Bxc4 12. Qxc4 0-0 13. a4 Rad8 14. c3 Rd7 15. Bc2 Nh5 16. g3 Qd8 17. Be3 Bg5 18. Bxa7 b6 19. Rfd1 Rxd1+ 20. Bxd1 Nf6 21. Qxc6 Qd2 22. Bf3 Qxb2 23. Rd1 Bd2 24. Bxb6 Bxc3 25. a5 Qa3 26. Bc5 Bb4 27. Bxf8 Qxf3 28. Rd8 Bxf8 29. Qd6 Qxf2+ 30. Kxf2 Nxe4+ 31. Ke3 Nxd6 32. a6 Nb5 33. Ke4 f6 34. Rb8 Na7 35. Kd5 e4 36. Kxe4 Nc6 37. Rc8 Na7 38. Ra8 Nb5 39. Rb8 Na7 40. Kd5 f5 41. Rb7 Nc8 42. Rc7 Nd6 43. Kc6 1-0

[Event "Heraklion op 16th"]
[Site "Heraklion"]
[Date "2016.01.07"]
[Round "6"]
[White "Theodoulidis, Theodoros"]
[Black "Goumas, Georgios"]
[Result "0-1"]
[WhiteElo "2089"]
[BlackElo "2386"]
[PlyCount "62"]
[EventDate "2016.01.03"]
[EventType "swiss"]
[EventRounds "9"]
[EventCountry "GRE"]
[SourceTitle "EXT 2024"]
[Source "ChessBase"]
[SourceDate "2023.10.10"]
[SourceVersion "1"]
[SourceVersionDate "2023.10.10"]
[SourceQuality "1"]

1. e4 c5 2. Nf3 Nc6 3. Bb5 g6 4. Bxc6 bxc6 5. 0-0 Bg7 6. Re1 Rb8 7. c3 Nf6 8. e5 Nd5 9. d4 cxd4 10. cxd4 0-0 11. Nc3 Nxc3 12. bxc3 d6 13. Bf4 Bf5 14. Qc1 Qd7 15. exd6 exd6 16. Qa3 Rbd8 17. Bg5 f6 18. Bf4 g5 19. Bg3 Rf7 20. Nd2 h5 21. h4 Bf8 22. d5 c5 23. Nc4 Rg7 24. Re3 Qf7 25. Rd1 Qg6 26. hxg5 Qxg5 27. f4 Qg4 28. Rf3 h4 29. Ne3 Qh5 30. Nxf5 Qxf5 31. Be1 Qg4 0-1

[Event "Heraklion Gazi op 11th"]
[Site "Heraklion"]
[Date "2015.08.01"]
[Round "9"]
[White "Iasman, Inna"]
[Black "Theodoulidis, Theodoros"]
[Result "0-1"]
[WhiteElo "1904"]
[BlackElo "2102"]
[PlyCount "102"]
[EventDate "2015.07.25"]
[EventType "swiss"]
[EventRounds "9"]
[EventCountry "GRE"]
[SourceTitle "CBM 167 Extra"]
[Source "ChessBase"]
[SourceDate "2015.09.14"]
[SourceVersion "1"]
[SourceVersionDate "2015.09.14"]
[SourceQuality "1"]

1. d4 Nf6 2. c4 e6 3. Nf3 Bb4+ 4. Bd2 c5 5. e3 0-0 6. Nc3 d6 7. Be2 Nc6 8. a3 Ba5 9. 0-0 e5 10. d5 Ne7 11. Nb5 Bxd2 12. Nxd2 Ng6 13. Nc3 Ne8 14. Bh5 Nh4 15. g3 Ng6 16. f4 exf4 17. exf4 Ne7 18. Bg4 Nf6 19. Bxc8 Qxc8 20. Nde4 Nxe4 21. Nxe4 Qd7 22. Qh5 Qf5 23. Qf3 Rad8 24. g4 Qd7 25. f5 f6 26. Rac1 Kh8 27. Rc3 Ng8 28. Nf2 Nh6 29. Qf4 Rde8 30. Rg3 Re2 31. Re3 Rxe3 32. Qxe3 Re8 33. Qg3 Qe7 34. h3 Nf7 35. Nd3 Qe4 36. Re1 Qd4+ 37. Kh1 Rxe1+ 38. Qxe1 Ne5 39. Nxe5 fxe5 40. Qe2 Kg8 41. Kg2 Kf7 42. h4 h5 43. gxh5 Qxh4 44. b3 Qg5+ 45. Kf2 Qxf5+ 46. Kg3 Kf6 47. Kh4 Qf4+ 48. Kh3 e4 49. Kg2 Qf3+ 50. Qxf3+ exf3+ 51. Kxf3 Kg5 0-1

[Event "Heraklion Gazi op 11th"]
[Site "Heraklion"]
[Date "2015.07.30"]
[Round "7"]
[White "Djingarova, Emilia"]
[Black "Theodoulidis, Theodoros"]
[Result "1-0"]
[WhiteElo "2270"]
[BlackElo "2102"]
[PlyCount "71"]
[EventDate "2015.07.25"]
[EventType "swiss"]
[EventRounds "9"]
[EventCountry "GRE"]
[SourceTitle "CBM 167 Extra"]
[Source "ChessBase"]
[SourceDate "2015.09.14"]
[SourceVersion "1"]
[SourceVersionDate "2015.09.14"]
[SourceQuality "1"]

1. Nf3 Nf6 2. g3 e6 3. Bg2 d5 4. 0-0 c5 5. d3 Nc6 6. Nbd2 Be7 7. e4 0-0 8. e5 Nd7 9. Re1 Qc7 10. Qe2 b5 11. Nf1 Nd4 12. Nxd4 cxd4 13. Bf4 Bb7 14. Rac1 Rac8 15. h4 Qa5 16. Qg4 Kh8 17. Bg5 Bxg5 18. hxg5 Rxc2 19. Rxc2 Qxe1 20. Rc7 Bc8 21. Qxd4 Qxe5 22. Qxa7 Qxb2 23. Qa8 Nb6 24. Qb8 Qd4 25. Rc6 Kg8 26. Qxb6 Qxd3 27. Qc5 Qc4 28. Nd2 Qxc5 29. Rxc5 Bd7 30. Rc7 Rd8 31. Nb3 Be8 32. Bf1 Ra8 33. Nd4 Kf8 34. Rc2 Rb8 35. Rb2 b4 36. Nc2 1-0

[Event "Heraklion Gazi op 11th"]
[Site "Heraklion"]
[Date "2015.07.28"]
[Round "5"]
[White "Vozinaki, Anthi Maria"]
[Black "Theodoulidis, Theodoros"]
[Result "0-1"]
[WhiteElo "1819"]
[BlackElo "2102"]
[PlyCount "72"]
[EventDate "2015.07.25"]
[EventType "swiss"]
[EventRounds "9"]
[EventCountry "GRE"]
[SourceTitle "CBM 167 Extra"]
[Source "ChessBase"]
[SourceDate "2015.09.14"]
[SourceVersion "1"]
[SourceVersionDate "2015.09.14"]
[SourceQuality "1"]

1. e4 c6 2. d4 d5 3. Nc3 dxe4 4. Nxe4 Nf6 5. Nxf6+ exf6 6. c3 Bd6 7. Bd3 0-0 8. Qc2 Re8+ 9. Ne2 g6 10. Be3 Be6 11. h4 Nd7 12. h5 f5 13. 0-0-0 Qa5 14. hxg6 fxg6 15. b3 Nf6 16. f3 Qa3+ 17. Kd2 Nd5 18. Bg5 c5 19. Rh4 Rac8 20. Rdh1 Rc7 21. dxc5 Qxc5 22. g4 Qf2 23. Kc1 Nb4 24. Qd2 Qxf3 25. Bb1 Nd5 26. Kb2 Be5 27. Rc1 Rec8 28. Bd3 b5 29. Kb1 b4 30. c4 Nc3+ 31. Nxc3 Bxc3 32. Qc2 Rd7 33. Rd1 fxg4 34. Be2 Rxd1+ 35. Qxd1 Bf5+ 36. Kc1 Bb2+ 0-1

[Event "Didymoteicho op 2nd"]
[Site "Didymoteicho"]
[Date "2015.05.31"]
[Round "5"]
[White "Theodoulidis, Theodoros"]
[Black "Teloudis, Angelis"]
[Result "1/2-1/2"]
[WhiteElo "2106"]
[BlackElo "2151"]
[PlyCount "64"]
[EventDate "2015.05.28"]
[EventType "swiss"]
[EventRounds "7"]
[EventCountry "GRE"]
[SourceTitle "CBM 166 Extra"]
[Source "ChessBase"]
[SourceDate "2015.06.18"]
[SourceVersion "1"]
[SourceVersionDate "2015.06.18"]
[SourceQuality "1"]

1. e4 e6 2. d4 d5 3. Nc3 Bb4 4. exd5 exd5 5. Bd3 Nf6 6. Nge2 Bg4 7. 0-0 0-0 8. f3 Bh5 9. Nf4 Bg6 10. Nxg6 hxg6 11. Ne2 Nbd7 12. Bg5 Be7 13. Ng3 Nh5 14. Bxe7 Qxe7 15. Nxh5 gxh5 16. Qd2 Rfe8 17. Rae1 Qf6 18. c3 Nf8 19. f4 Ng6 20. g3 c6 21. Qf2 h4 22. Qf3 Kf8 23. Qh5 hxg3 24. hxg3 Rxe1 25. Rxe1 Re8 26. Rxe8+ Kxe8 27. Bxg6 fxg6 28. Qe5+ Kf7 29. Kg2 Qf5 30. Qc7+ Kf6 31. Qd8+ Kf7 32. Qc7+ Kf6 1/2-1/2

[Event "Didymoteicho op 2nd"]
[Site "Didymoteicho"]
[Date "2015.05.29"]
[Round "2"]
[White "Kosturkov, Hristo"]
[Black "Theodoulidis, Theodoros"]
[Result "0-1"]
[WhiteElo "1664"]
[BlackElo "2106"]
[PlyCount "56"]
[EventDate "2015.05.28"]
[EventType "swiss"]
[EventRounds "7"]
[EventCountry "GRE"]
[SourceTitle "CBM 166 Extra"]
[Source "ChessBase"]
[SourceDate "2015.06.18"]
[SourceVersion "1"]
[SourceVersionDate "2015.06.18"]
[SourceQuality "1"]

1. d4 Nf6 2. c4 e6 3. Nf3 Bb4+ 4. Nc3 c5 5. d5 b5 6. dxe6 fxe6 7. e3 bxc4 8. Bxc4 0-0 9. 0-0 Bb7 10. Be2 Nc6 11. Bd2 d5 12. a3 Ba5 13. Qc2 Qd6 14. Nb5 Qe7 15. Bxa5 Nxa5 16. Ne5 a6 17. Nc3 Nc6 18. Nxc6 Bxc6 19. Na4 c4 20. Nc3 Rab8 21. Bf3 Nd7 22. Be2 Ne5 23. Rab1 Qc5 24. Rfd1 Rf7 25. Rd4 Rbf8 26. Rf1 Ng6 27. Bf3 Rxf3 28. gxf3 Ne5 0-1

[Event "Paleochora op 7th"]
[Site "Paleochora"]
[Date "2014.07.22"]
[Round "3"]
[White "Theodoulidis, Theodoros"]
[Black "Jens, Jelmer"]
[Result "1-0"]
[WhiteElo "2116"]
[BlackElo "2394"]
[PlyCount "49"]
[EventDate "2014.07.21"]
[EventType "swiss"]
[EventRounds "9"]
[EventCountry "GRE"]
[SourceTitle "CBM 161 Extra"]
[Source "ChessBase"]
[SourceDate "2014.08.29"]
[SourceVersion "1"]
[SourceVersionDate "2014.08.29"]
[SourceQuality "1"]

1. e4 e5 2. Nf3 Nc6 3. Bb5 a6 4. Ba4 Nf6 5. d4 exd4 6. 0-0 Be7 7. Re1 b5 8. Bb3 d6 9. Bd5 Nxd5 10. exd5 Ne5 11. Nxd4 0-0 12. a4 Bg4 13. Qd2 Bd7 14. Nc3 b4 15. Ne4 Qb8 16. f4 Ng6 17. f5 Ne5 18. f6 gxf6 19. Rf1 Kh8 20. Nxf6 Bxf6 21. Rxf6 Rg8 22. b3 Bh3 23. Rf2 Qb7 24. Nc6 f6 25. Qh6 1-0